Gaming Quiz

Random Gaming or Pokémon Quiz

Pokemon That Don't Evolve In Gen 4 Quiz Stats

Quiz not verified by Sporcle

Also try: 'A'-Less Pokémon
Challenge
Share
Tweet
Embed
Score 0/19 Timer 12:00
0 Plays Today
Hint Answer % Correct
Dialga
97.9%
Palkia
97.9%
Darkrai
97.9%
Cresselia
95.8%
Heatran
93.8%
Giratina
93.8%
Arceus
93.8%
Uxie
91.7%
Mesprit
91.7%
Azelf
91.7%
Hint Answer % Correct
Regigigas
91.7%
Shaymin
89.6%
Phione
87.5%
Manaphy
87.5%
Rotom
81.3%
Spiritomb
77.1%
Pachirisu
72.9%
Carnivine
70.8%
Chatot
68.8%

You're not logged in!

Compare scores with friends on all Sporcle quizzes.
Join for Free
OR
Log In

You Might Also Like...

Show Comments

Extras

Top Quizzes Today


Score Distribution

Your Account Isn't Verified!

In order to create a playlist on Sporcle, you need to verify the email address you used during registration. Go to your Sporcle Settings to finish the process.

Report this User

Report this user for behavior that violates our Community Guidelines.

Details: